|
|
|
|
| LEADER |
00000nam0a2200000 4500 |
| 001 |
132791 |
| 005 |
20231101220405.0 |
| 035 |
|
|
|a (RuTPU)RU\TPU\book\143785
|
| 090 |
|
|
|a 132791
|
| 100 |
|
|
|a 20080306d1980 km y0rusy50 ca
|
| 101 |
0 |
|
|a rus
|
| 102 |
|
|
|a RU
|
| 105 |
|
|
|a a z 001zy
|
| 200 |
1 |
|
|a Спектрофотометрический анализ в черной металлургии
|f И. П. Харламов
|
| 210 |
|
|
|a Москва
|c Металлургия
|d 1980
|
| 215 |
|
|
|a 208 с.
|c ил.
|
| 320 |
|
|
|9 572
|a Библиогр.: с. 198-206
|
| 606 |
1 |
|
|a Черная металлургия
|x Спектрофотометрический анализ
|2 stltpush
|3 (RuTPU)RU\TPU\subj\18669
|9 44058
|
| 610 |
1 |
|
|a применение
|
| 610 |
1 |
|
|a методы
|
| 610 |
1 |
|
|a спектрофотометры
|
| 610 |
1 |
|
|a модели
|
| 610 |
1 |
|
|a фотоэлектроколориметры
|
| 610 |
1 |
|
|a методики
|
| 610 |
1 |
|
|a определения
|
| 610 |
1 |
|
|a добавки
|
| 610 |
1 |
|
|a примеси
|
| 610 |
1 |
|
|a органические реагенты
|
| 610 |
1 |
|
|a экспресс-методы
|
| 675 |
|
|
|a 669.1:54
|v 3
|
| 700 |
|
1 |
|a Харламов
|b И. П.
|g Игорь Петрович
|
| 801 |
|
1 |
|a RU
|b 63413507
|c 20080228
|g PSBO
|
| 801 |
|
2 |
|a RU
|b 63413507
|c 20210422
|g PSBO
|
| 942 |
|
|
|c BK
|